Business management (Record no. 79032)

MARC details
000 -LEADER
fixed length control field 00703nam a2200169 a 4500
008 - FIXED-LENGTH DATA ELEMENTS--GENERAL INFORMATION
fixed length control field 120416s1999 ||||||||||||||||| || u
020 ## - INTERNATIONAL STANDARD BOOK NUMBER
International Standard Book Number 8176480835
050 ## - LIBRARY OF CONGRESS CALL NUMBER
Classification number HF 5030 Nar
100 ## - MAIN ENTRY--PERSONAL NAME
Personal name Narayan, B., Dr
245 10 - TITLE STATEMENT
Title Business management
260 ## - PUBLICATION, DISTRIBUTION, ETC.
Place of publication, distribution, etc. New Delhi
Name of publisher, distributor, etc. A.P.H. Publishing corporation
Date of publication, distribution, etc. 1999
350 ## -
-- 0.00
650 #0 - SUBJECT ADDED ENTRY--TOPICAL TERM
Topical term or geographic name entry element BUSINESS
650 ## - SUBJECT ADDED ENTRY--TOPICAL TERM
Topical term or geographic name entry element BUSINESS MANAGEMENT
995 ## -
-- MAIN LIBRARY OPEN ACCESS
-- 0.00
-- 733156
-- CBU-MAIN LIBRARY (Kitwe)
-- 1
-- 20.00
-- HF 5030 Nar
-- 1
-- AVAILABLE
-- 44715
-- Main Library Open Access Collection
995 ## -
-- BINDERY (DAMAGED)
-- 0.00
-- 733157
-- CBU-MAIN LIBRARY (Kitwe)
-- 1
-- 0.00
-- HF 5030 Nar
-- 2
-- DAMAGED
-- May 9, 2007
-- 44718
-- Main Library Open Access Collection
999 ## -
-- 79032
-- 79032

No items available.